BASIC ELECTRICAL ENGINEERING (Record no. 54380)

000 -LEADER
fixed length control field 00416nam a22001817a 4500
003 - CONTROL NUMBER IDENTIFIER
control field OSt
005 - DATE AND TIME OF LATEST TRANSACTION
control field 20260423150355.0
008 - FIXED-LENGTH DATA ELEMENTS--GENERAL INFORMATION
fixed length control field 260423b ||||| |||| 00| 0 eng d
020 ## - INTERNATIONAL STANDARD BOOK NUMBER
International Standard Book Number 9789395161138
040 ## - CATALOGING SOURCE
Transcribing agency MUIT
082 ## - DEWEY DECIMAL CLASSIFICATION NUMBER
Classification number 621.3
100 ## - MAIN ENTRY--PERSONAL NAME
Personal name WADHWA C.L
245 ## - TITLE STATEMENT
Title BASIC ELECTRICAL ENGINEERING
250 ## - EDITION STATEMENT
Edition statement FIFTH
260 ## - PUBLICATION, DISTRIBUTION, ETC.
Place of publication, distribution, etc. NOIDA
Name of publisher, distributor, etc. NEW AGE INTERNATIONAL PUBLISHERS
300 ## - PHYSICAL DESCRIPTION
Extent 486
942 ## - ADDED ENTRY ELEMENTS (KOHA)
Koha item type Book
952 ## - LOCATION AND ITEM INFORMATION (KOHA)
Lost status
952 ## - LOCATION AND ITEM INFORMATION (KOHA)
Lost status
952 ## - LOCATION AND ITEM INFORMATION (KOHA)
Lost status
952 ## - LOCATION AND ITEM INFORMATION (KOHA)
Lost status
952 ## - LOCATION AND ITEM INFORMATION (KOHA)
Lost status
952 ## - LOCATION AND ITEM INFORMATION (KOHA)
Lost status
952 ## - LOCATION AND ITEM INFORMATION (KOHA)
Lost status
952 ## - LOCATION AND ITEM INFORMATION (KOHA)
Lost status
952 ## - LOCATION AND ITEM INFORMATION (KOHA)
Lost status
952 ## - LOCATION AND ITEM INFORMATION (KOHA)
Lost status
952 ## - LOCATION AND ITEM INFORMATION (KOHA)
Lost status
952 ## - LOCATION AND ITEM INFORMATION (KOHA)
Lost status
952 ## - LOCATION AND ITEM INFORMATION (KOHA)
Lost status
952 ## - LOCATION AND ITEM INFORMATION (KOHA)
Lost status
952 ## - LOCATION AND ITEM INFORMATION (KOHA)
Lost status
952 ## - LOCATION AND ITEM INFORMATION (KOHA)
Lost status
952 ## - LOCATION AND ITEM INFORMATION (KOHA)
Lost status
952 ## - LOCATION AND ITEM INFORMATION (KOHA)
Lost status
952 ## - LOCATION AND ITEM INFORMATION (KOHA)
Lost status
952 ## - LOCATION AND ITEM INFORMATION (KOHA)
Lost status
Holdings
Withdrawn status Collection code Permanent Location Current Location Cost, normal purchase price Full call number Accession no. Koha item type
  School of Engineering Maharishi School of Engineering & Technology (Lucknow) Maharishi School of Engineering & Technology (Lucknow) 499.00 621.3 SOE11093 Book
  School of Engineering Maharishi School of Engineering & Technology (Lucknow) Maharishi School of Engineering & Technology (Lucknow) 499.00 621.3 SOE11094 Book
  School of Engineering Maharishi School of Engineering & Technology (Lucknow) Maharishi School of Engineering & Technology (Lucknow) 499.00 621.3 SOE11095 Book
  School of Engineering Maharishi School of Engineering & Technology (Lucknow) Maharishi School of Engineering & Technology (Lucknow) 499.00 621.3 SOE11096 Book
  School of Engineering Maharishi School of Engineering & Technology (Lucknow) Maharishi School of Engineering & Technology (Lucknow) 499.00 621.3 SOE11097 Book
  School of Engineering Maharishi School of Engineering & Technology (Lucknow) Maharishi School of Engineering & Technology (Lucknow) 499.00 621.3 SOE11098 Book
  School of Engineering Maharishi School of Engineering & Technology (Lucknow) Maharishi School of Engineering & Technology (Lucknow) 499.00 621.3 SOE11099 Book
  School of Engineering Maharishi School of Engineering & Technology (Lucknow) Maharishi School of Engineering & Technology (Lucknow) 499.00 621.3 SOE11100 Book
  School of Engineering Maharishi School of Engineering & Technology (Lucknow) Maharishi School of Engineering & Technology (Lucknow) 499.00 621.3 SOE11101 Book
  School of Engineering Maharishi School of Engineering & Technology (Lucknow) Maharishi School of Engineering & Technology (Lucknow) 499.00 621.3 SOE11102 Book
  School of Engineering Maharishi School of Engineering & Technology (Lucknow) Maharishi School of Engineering & Technology (Lucknow) 499.00 621.3 SOE11103 Book
  School of Engineering Maharishi School of Engineering & Technology (Lucknow) Maharishi School of Engineering & Technology (Lucknow) 499.00 621.3 SOE11104 Book
  School of Engineering Maharishi School of Engineering & Technology (Lucknow) Maharishi School of Engineering & Technology (Lucknow) 499.00 621.3 SOE11105 Book
  School of Engineering Maharishi School of Engineering & Technology (Lucknow) Maharishi School of Engineering & Technology (Lucknow) 499.00 621.3 SOE11106 Book
  School of Engineering Maharishi School of Engineering & Technology (Lucknow) Maharishi School of Engineering & Technology (Lucknow) 499.00 621.3 SOE11107 Book
  School of Engineering Maharishi School of Engineering & Technology (Lucknow) Maharishi School of Engineering & Technology (Lucknow) 499.00 621.3 SOE11108 Book
  School of Engineering Maharishi School of Engineering & Technology (Lucknow) Maharishi School of Engineering & Technology (Lucknow) 499.00 621.3 SOE11109 Book
  School of Engineering Maharishi School of Engineering & Technology (Lucknow) Maharishi School of Engineering & Technology (Lucknow) 499.00 621.3 SOE11110 Book
  School of Engineering Maharishi School of Engineering & Technology (Lucknow) Maharishi School of Engineering & Technology (Lucknow) 499.00 621.3 SOE11111 Book
  School of Engineering Maharishi School of Engineering & Technology (Lucknow) Maharishi School of Engineering & Technology (Lucknow) 499.00 621.3 SOE11112 Book

All Rights Reserved@MUIT

Powered by Koha